[Event "Saint Louis SPICE Cup op 13th"]
[Site "Saint Louis"]
[Date "2019.10.22"]
[Round "1"]
[White "Kvakovszky, George"]
[Black "Mishra, Abhimanyu"]
[Result "0-1"]
[WhiteElo "2025"]
[BlackElo "2387"]
[PlyCount "64"]
[EventDate "2019.10.22"]
[EventType "swiss"]
[EventRounds "9"]
[EventCountry "USA"]
[SourceTitle "CBM 192 Extra"]
[Source "Chessbase"]
[SourceDate "2019.11.06"]
[SourceVersion "1"]
[SourceVersionDate "2019.11.06"]
[SourceQuality "1"]

1. d4 Nf6 2. Nc3 d5 3. e4 dxe4 4. f3 exf3 5. Qxf3 Qxd4 6. Be3 Qg4 7. Qf2 Qf5 8. Qd2 e6 9. 0-0-0 Be7 10. Nb5 Na6 11. Bd3 Qd5 12. c4 Qd8 13. Qe2 c6 14. Nc3 Bd7 15. Bb1 Qa5 16. Nf3 0-0-0 17. Bf4 Bb4 18. Be5 Ng4 19. Bd4 c5 20. Bxg7 Rhg8 21. Be5 f6 22. Nb5 Nxe5 23. Nxa7+ Kb8 24. Nxe5 fxe5 25. Nb5 Bxb5 26. cxb5 Nc7 27. Bd3 Qxa2 28. Bb1 Qa5 29. Rhf1 Nxb5 30. Bxh7 Qa1+ 31. Bb1 Nc3 32. bxc3 Ba3+ 0-1

[Event "Saint Louis CC Premier"]
[Site "Saint Louis"]
[Date "2019.07.27"]
[Round "3"]
[White "Amburgy, Ryan"]
[Black "Kvakovszky, George"]
[Result "1-0"]
[WhiteElo "1988"]
[BlackElo "2050"]
[PlyCount "27"]
[EventDate "2019.07.26"]
[EventType "swiss"]
[EventRounds "5"]
[EventCountry "USA"]
[SourceTitle "EXT 2022"]
[Source "ChessBase"]
[SourceDate "2021.10.06"]
[SourceVersion "1"]
[SourceVersionDate "2021.10.06"]
[SourceQuality "1"]

1. d4 Nf6 2. Nf3 d5 3. c4 c6 4. Nc3 dxc4 5. a4 a6 6. e4 Bg4 7. Bxc4 Nbd7 8. e5 Nb6 9. Bb3 Nfd5 10. a5 Nc8 11. Nxd5 cxd5 12. Ba4+ Bd7 13. e6 fxe6 14. Ne5 1-0

[Event "Budapest FS12 Elo"]
[Site "Budapest"]
[Date "1999.??.??"]
[Round "?"]
[White "Gonda, Laszlo"]
[Black "Kvakovszky, George"]
[Result "1/2-1/2"]
[WhiteElo "2034"]
[BlackElo "2142"]
[PlyCount "35"]
[EventDate "1999.12.04"]
[EventType "tourn"]
[EventRounds "9"]
[EventCountry "HUN"]
[SourceTitle "EXT 2002"]
[Source "ChessBase"]
[SourceDate "2001.11.25"]
[SourceVersion "1"]
[SourceVersionDate "2001.11.25"]
[SourceQuality "1"]

1. Nf3 Nf6 2. b3 g6 3. Bb2 Bg7 4. e3 0-0 5. Be2 c5 6. 0-0 Nc6 7. d4 cxd4 8. Nxd4 Nxd4 9. Bxd4 d5 10. c4 dxc4 11. Bxc4 Qa5 12. Qd2 Qh5 13. Qe2 Qxe2 14. Bxe2 Bg4 15. Bc4 a6 16. a4 Rac8 17. Nc3 Rfe8 18. f4 1/2-1/2

[Event "Budapest FS12 Elo"]
[Site "Budapest"]
[Date "1999.??.??"]
[Round "3"]
[White "Kvakovszky, George"]
[Black "Bordas, Gyula"]
[Result "0-1"]
[WhiteElo "2140"]
[BlackElo "2110"]
[PlyCount "86"]
[EventDate "1999.12.04"]
[EventType "tourn"]
[EventRounds "9"]
[EventCountry "HUN"]
[SourceTitle "EXT 2001"]
[Source "ChessBase"]
[SourceDate "2000.11.22"]
[SourceVersion "1"]
[SourceVersionDate "2000.11.22"]
[SourceQuality "1"]

1. Nf3 Nf6 2. c4 e6 3. d4 c5 4. Nc3 cxd4 5. Nxd4 Nc6 6. Nxc6 bxc6 7. e4 Qa5 8. Bd3 e5 9. 0-0 d6 10. f3 Be6 11. Be3 Be7 12. Qd2 Nd7 13. Nd5 Qxd2 14. Nc7+ Kd8 15. Nxe6+ fxe6 16. Bxd2 g5 17. Ba5+ Ke8 18. Bc3 Rg8 19. Be2 Nf6 20. Bd3 Nd7 21. b4 Bd8 22. Rfd1 Bb6+ 23. Kf1 Ke7 24. c5 dxc5 25. b5 g4 26. bxc6 gxf3 27. g3 Nf6 28. Bc4 Rg5 29. Rd3 Nxe4 30. Rxf3 Nxc3 31. Rxc3 Rd8 32. Rd3 Rd4 33. Rc1 Rgg4 34. Ba6 Kd6 35. Rxd4+ Rxd4 36. Bc4 Kxc6 37. Bxe6 Kd6 38. Bf5 e4 39. Bxh7 Ke5 40. Rc2 Rd7 41. Bg8 Rd1+ 42. Kf2 Kd4 43. Bc4 e3+ 0-1

[Event "Budapest FS12 Elo"]
[Site "Budapest"]
[Date "1999.??.??"]
[Round "?"]
[White "Kvakovszky, George"]
[Black "Hohl, Matthias"]
[Result "1-0"]
[WhiteElo "2142"]
[BlackElo "2096"]
[PlyCount "33"]
[EventDate "1999.12.04"]
[EventType "tourn"]
[EventRounds "9"]
[EventCountry "HUN"]
[SourceTitle "EXT 2002"]
[Source "ChessBase"]
[SourceDate "2001.11.25"]
[SourceVersion "1"]
[SourceVersionDate "2001.11.25"]
[SourceQuality "1"]

1. d4 Nf6 2. Nc3 d6 3. Nf3 c6 4. e4 g6 5. Bc4 d5 6. Bd3 dxe4 7. Nxe4 Nbd7 8. Qe2 Bg7 9. Nd6+ Kf8 10. Nxf7 Kxf7 11. Ng5+ Ke8 12. Ne6 Qb6 13. Nxg7+ Kf7 14. Qe6+ Kxg7 15. Qxe7+ Kg8 16. Bh6 Qxd4 17. Qg7# 1-0

[Event "Budapest FS12 Elo"]
[Site "Budapest"]
[Date "1999.??.??"]
[Round "?"]
[White "Kvakovszky, George"]
[Black "Szirmai, Eduard"]
[Result "1-0"]
[WhiteElo "2142"]
[BlackElo "2208"]
[PlyCount "89"]
[EventDate "1999.12.04"]
[EventType "tourn"]
[EventRounds "9"]
[EventCountry "HUN"]
[SourceTitle "EXT 2002"]
[Source "ChessBase"]
[SourceDate "2001.11.25"]
[SourceVersion "1"]
[SourceVersionDate "2001.11.25"]
[SourceQuality "1"]

1. d4 g6 2. Nc3 Bg7 3. e4 d6 4. Bc4 c6 5. Nf3 e6 6. Be3 d5 7. Bd3 Nd7 8. Qd2 Ndf6 9. e5 Ng4 10. Bg5 Qa5 11. 0-0 N4h6 12. Ne4 Qxd2 13. Nd6+ Kd7 14. Nxd2 Bf8 15. Nxc8 Rxc8 16. c3 Nf5 17. b4 h6 18. Bf4 Be7 19. a4 Rh7 20. a5 Rg7 21. Nb3 g5 22. Bd2 f6 23. Rfe1 Re8 24. Rab1 b6 25. axb6 axb6 26. Ra1 Bd8 27. Ra7+ Bc7 28. b5 Rge7 29. Bc1 fxe5 30. Ba3 e4 31. Bxe7 exd3 32. Bb4 cxb5 33. Rd1 Nf6 34. Rxd3 Kc6 35. Rd1 Ne4 36. Rda1 Ned6 37. Bxd6 Nxd6 38. f3 Rg8 39. Nc1 Nc4 40. Nd3 Na5 41. Ne5+ Bxe5 42. dxe5 b4 43. cxb4 Nc4 44. Re1 Kb5 45. Re7 1-0